Statistiques concernant Culture Générale - Série 12

Cliquez ici pour prendre le quiz!

Statistiques générales

  • Ce quiz a été pris 334 fois
  • Le résultat moyen est 7 sur 10

Statistiques - réponses

Question Réponse % Correct
Que se disputent les joueurs de hockey sur glace ?Palet
92%
Qui a écrit "Les fleurs du mal" ?Charles Baudelaire
91%
Comment s'appelle le bout du nez chez le chien ?Truffe
89%
L'une des sculptures les plus connues de Rodin est le ...Penseur
87%
De quelle nationalité est la chanteuse Axelle Red?Belge
81%
Quel homme politique est à l'origine de la Fête de la Musique en France ?Jack Lang
65%
Quelle est la capitale de la Côte d'Ivoire ?Yamousoukro
58%
Les comiques Chevallier et Laspalès ont joué dans une pièce intitulée "Ma femme s'appelle...Maurice
54%
Quel est le nom du quartier branché du centre de Londres ?Soho
39%
Quel architecte a conçu la pyramide du Louvre à Paris ?Pei
21%

Distribution des résultats

Percentile by Number Answered

% des personnes avec chaque résultat

Votre développement - résultats

Vous n’avez pas pris ce quiz